<?xml version="1.0" encoding="UTF-8"?>
<record
    xmlns:xsi="http://www.w3.org/2001/XMLSchema-instance"
    xsi:schemaLocation="http://www.loc.gov/MARC21/slim http://www.loc.gov/standards/marcxml/schema/MARC21slim.xsd"
    xmlns="http://www.loc.gov/MARC21/slim">

  <leader>01883nam a2200397   4500</leader>
  <controlfield tag="001">14023</controlfield>
  <controlfield tag="003">http://catalogue.bnf.fr/ark:/12148/cb48707748d</controlfield>
  <controlfield tag="005">20260226141747.0</controlfield>
  <datafield tag="010" ind1=" " ind2=" ">
    <subfield code="a">9782487746244</subfield>
    <subfield code="d">12 EUR</subfield>
  </datafield>
  <datafield tag="073" ind1=" " ind2="0">
    <subfield code="a">9782487746244</subfield>
  </datafield>
  <datafield tag="090" ind1=" " ind2=" ">
    <subfield code="a">14023</subfield>
  </datafield>
  <datafield tag="099" ind1=" " ind2=" ">
    <subfield code="o">0</subfield>
  </datafield>
  <datafield tag="100" ind1=" " ind2=" ">
    <subfield code="a">20260220d2026    m  y0frey50      ba</subfield>
  </datafield>
  <datafield tag="101" ind1="0" ind2=" ">
    <subfield code="a">fre</subfield>
  </datafield>
  <datafield tag="102" ind1=" " ind2=" ">
    <subfield code="a">FR</subfield>
  </datafield>
  <datafield tag="105" ind1=" " ind2=" ">
    <subfield code="a">||||z   00|||</subfield>
  </datafield>
  <datafield tag="181" ind1=" " ind2="0">
    <subfield code="6">01</subfield>
    <subfield code="a">i </subfield>
    <subfield code="b">xxxe  </subfield>
  </datafield>
  <datafield tag="181" ind1=" " ind2=" ">
    <subfield code="6">02</subfield>
    <subfield code="c">txt</subfield>
    <subfield code="2">rdacontent</subfield>
  </datafield>
  <datafield tag="182" ind1=" " ind2="0">
    <subfield code="6">01</subfield>
    <subfield code="a">n</subfield>
  </datafield>
  <datafield tag="182" ind1=" " ind2=" ">
    <subfield code="6">02</subfield>
    <subfield code="c">n</subfield>
    <subfield code="2">rdamedia</subfield>
  </datafield>
  <datafield tag="200" ind1="1" ind2=" ">
    <subfield code="a">&#xC9;corces</subfield>
    <subfield code="b">LIVR</subfield>
    <subfield code="e">Polar forestier</subfield>
  </datafield>
  <datafield tag="214" ind1=" " ind2="0">
    <subfield code="c">Esse que &#xE9;ditions</subfield>
    <subfield code="d">2026</subfield>
  </datafield>
  <datafield tag="214" ind1=" " ind2="3">
    <subfield code="c">Impr. Typolibris</subfield>
  </datafield>
  <datafield tag="214" ind1=" " ind2="0">
    <subfield code="a">Pantin</subfield>
  </datafield>
  <datafield tag="214" ind1=" " ind2="3">
    <subfield code="a">22-Saint-Brieuc cedex 9</subfield>
  </datafield>
  <datafield tag="215" ind1=" " ind2=" ">
    <subfield code="a">1 vol. (121 p.)</subfield>
  </datafield>
  <datafield tag="215" ind1=" " ind2=" ">
    <subfield code="d">19 cm</subfield>
  </datafield>
  <datafield tag="225" ind1="1" ind2=" ">
    <subfield code="a">Th&#xE9;&#xE2;tre</subfield>
  </datafield>
  <datafield tag="323" ind1=" " ind2=" ">
    <subfield code="a">6 personnages</subfield>
  </datafield>
  <datafield tag="330" ind1=" " ind2=" ">
    <subfield code="a">Au moment du d&#xE9;c&#xE8;s de son p&#xE8;re, Alba h&#xE9;rite de parcelles de for&#xEA;ts en Haute-Loire dont elle n avait jamais entendu parler. Elle d&#xE9;couvre dans ses affaires une carte foresti&#xE8;re portant de myst&#xE9;rieux symboles. La voici lanc&#xE9;e sur la piste des coupes sauvages et des reforestations massives de r&#xE9;sineux align&#xE9;s pour les besoins de l industrie. Un monde s ouvre &#xE0; elle, celui de l exploitation intensive des for&#xEA;ts, un monde en tension o&#xF9; des logiques oppos&#xE9;es s affrontent. Au m&#xEA;me moment, Mateus Borja, un garde forestier engag&#xE9; pour la pr&#xE9;servation des &#xE9;cosyst&#xE8;mes, dispara&#xEE;t. C est alors le d&#xE9;but de cette enqu&#xEA;te-polar men&#xE9;e par des gendarmes locaux pour le retrouver, une enqu&#xEA;te qui les m&#xE8;nera sur la route de la sp&#xE9;culation et de l agro-business.</subfield>
  </datafield>
  <datafield tag="610" ind1=" " ind2=" ">
    <subfield code="a">&#xE9;cologie</subfield>
    <subfield code="a">&#xE9;cosyst&#xE8;me</subfield>
    <subfield code="a">for&#xEA;t</subfield>
    <subfield code="a">enqu&#xEA;te</subfield>
  </datafield>
  <datafield tag="700" ind1=" " ind2=" ">
    <subfield code="a">Carr&#xE9;</subfield>
    <subfield code="b">Alice</subfield>
  </datafield>
  <datafield tag="700" ind1=" " ind2=" ">
    <subfield code="c">Auteur du texte</subfield>
  </datafield>
  <datafield tag="801" ind1=" " ind2="0">
    <subfield code="a">FR</subfield>
    <subfield code="b">FR-751131015</subfield>
    <subfield code="c">20260220</subfield>
    <subfield code="g">AFNOR</subfield>
    <subfield code="h">FRBNF487077480000001</subfield>
  </datafield>
  <datafield tag="856" ind1=" " ind2="2">
    <subfield code="u">1178884</subfield>
    <subfield code="b">Premi&#xE8;re de couverture</subfield>
  </datafield>
  <datafield tag="856" ind1=" " ind2="2">
    <subfield code="u">1178885</subfield>
    <subfield code="b">Quatri&#xE8;me de couverture</subfield>
  </datafield>
  <datafield tag="995" ind1=" " ind2=" ">
    <subfield code="2">0</subfield>
    <subfield code="5">2026-02-26</subfield>
    <subfield code="9">13916</subfield>
    <subfield code="c">JOL</subfield>
    <subfield code="f">JOL-007724</subfield>
    <subfield code="k">TH CAR 6</subfield>
    <subfield code="n">2026-04-15</subfield>
    <subfield code="o">0</subfield>
    <subfield code="b">JOL</subfield>
    <subfield code="r">LIVR</subfield>
  </datafield>
</record>
